Preskoči na sadržaj

Управление эксплуатационной работой на железнодорожном транспорте: технология и управление работой железнодорожных участков и направлений Учебное пособие

Раскрыта система организации вагонопотоков изложены вопросы разработки и выполнения графика движения поездов пропускной и провозной способности железнодорожных линий технологии местной работы. Соответствует требованиям Федерального образовательного стандарта высшего образования последнего поколения....

Cijeli opis

Spremljeno u:
Bibliografski detalji
Glavni autor: Левин Д. Ю.
Format: Учебное пособие
Izdanje:1
Serija:Высшее образование
Online pristup:https://znanium.ru/catalog/document?id=467406
https://znanium.ru/cover/2218/2218834.jpg
Oznake: Dodaj oznaku
Bez oznaka, Budi prvi tko označuje ovaj zapis!
LEADER 02661nam0a2200325 i 4500
001 RU\infra-m\znanium\bibl\2218834
003 https://znanium.ru/catalog/document?id=467406
005 20250711000000.0
010 |a 978-5-16-021258-6 
010 |a 978-5-16-103634-1  |b электр. издание 
100 |a 20250711d2025 m y0rusy0150 ca 
101 0 |a rus 
102 |a RU 
200 1 |a Управление эксплуатационной работой на железнодорожном транспорте: технология и управление работой железнодорожных участков и направлений  |e Учебное пособие  |f Российский университет транспорта (МИИТ) 
205 |a 1 
210 1 |a Москва  |c ООО "Научно-издательский центр ИНФРА-М"  |d 2026 
215 |a 368 с. 
225 1 |a Высшее образование 
330 |a Раскрыта система организации вагонопотоков изложены вопросы разработки и выполнения графика движения поездов пропускной и провозной способности железнодорожных линий технологии местной работы. Соответствует требованиям Федерального образовательного стандарта высшего образования последнего поколения. Учебное пособие предназначено для студентов вузов железнодорожного транспорта специалистов ОАО «РЖД» и транспортных компаний слушателей курсов повышения квалификации. 
333 |a ВО - Бакалавриат 
606 |a Транспорт  |x Железнодорожный транспорт  |2 local 
608 |a Учебное пособие  |2 local 
675 |a 656.2/4(075.8)  |z rus 
686 |a 39.2  |2 rubbk 
686 |a 23.05.01  |2 okso 
686 |a 23.05.04  |2 okso 
700 1 |a Левин  |b Д. Ю.  |g Дмитрий Юрьевич  |p Российский университет транспорта (МИИТ) 
801 0 |a RU  |b Общество с ограниченной ответственностью «ЗНАНИУМ»  |c 20250708  |2 rusmarc 
856 4 |a znanium.ru  |m ebs_support@infra-m.ru  |n НИЦ ИНФРА-М  |u https://znanium.ru/catalog/document?id=467406 
856 4 1 |a znanium.ru  |d /cover/2218  |f 2218834.jpg  |q image/jpeg  |u https://znanium.ru/cover/2218/2218834.jpg